| 000 | 00847cam a22002174a 4500 | ||
|---|---|---|---|
| 005 | 20250605164251.0 | ||
| 008 | 250528s ||||||||||||||||||||||||d | ||
| 035 | _a21745 | ||
| 020 | _a9780131854611 | ||
| 040 |
_aGR-AtMCL _bgre _dGR-AtMCL _eAACR2 |
||
| 245 | 1 | _aELECTRONIC COMMERCE 2006: A MANAGERIAL PERSPECTIVE | |
| 250 | _a1 | ||
| 260 |
_bPearson, _c2006 |
||
| 300 | _a792 | ||
| 505 | 0 | _aE-COMMERCE & E-MARKETPLACES INTERNET CONSUMER RETAILING BUSINESS TO BUSINESS E-COMERCE OTHER EC MODELS AND APPLICATIONS EC SUPPORT SERVICES EC STRATEGY AND IMPLEMENTATION | |
| 520 | _aE-COMMERCE & E-MARKETPLACES INTERNET CONSUMER RETAILING BUSINESS TO BUSINESS E-COMERCE OTHER EC MODELS AND APPLICATIONS EC SUPPORT SERVICES EC STRATEGY AND IMPLEMENTATION | ||
| 700 | 1 |
_aTurban Efraim _91346 |
|
| 942 | _cBK | ||
| 999 |
_c6804 _d6804 |
||